Priamo na stôl

Spôsoby získavania informácií z miesta predaja, používané na Slovensku: web reporting, sms reporting, palmtop reporting. Výhody použitia, chybovosť a nákladovosť.

Guardado en:
Detalles Bibliográficos
Autor principal: Môciková, Renata
Formato: Capítulo de libro
Lenguaje:eslovaco
Materias:
Etiquetas: Agregar Etiqueta
Sin Etiquetas, Sea el primero en etiquetar este registro!

MARC

LEADER 00000naa$a2200000$$$4500
001 0018279
005 20231004065005.2
041 0 |a slo 
044 |a SK 
245 1 0 |a Priamo na stôl  |c aut. Renata Môciková 
520 |a Spôsoby získavania informácií z miesta predaja, používané na Slovensku: web reporting, sms reporting, palmtop reporting. Výhody použitia, chybovosť a nákladovosť. 
610 2 0 |a podpora predaja 
610 2 0 |a reporting 
610 2 0 |a efektívnosť podnikania 
610 2 0 |a predaj 
610 2 0 |a zber dát 
610 2 0 |a spracovanie dát 
100 1 |a Môciková, Renata